[Event "63rd Bulgarian Team Championship"]
[Site "Sunny Beach"]
[Date "2013.09.20"]
[Round "2"]
[Board "1"]
[White "Drenchev, Petar"]
[Black "Grigorov, Grigor"]
[Result "0-1"]
[WhiteElo "2488"]
[BlackElo "2490"]
[PlyCount "80"]
[EventDate "2013.09.19"]
[EventType "team"]
[EventRounds "7"]
[EventCountry "BUL"]
[WhiteTeam "''Marek-Union Ivkoni'', Dupnitsa"]
[BlackTeam "''Lokomotiv 2000'', Plovdiv"]

1. d4 Nf6 2. c4 e6 3. Nc3 Bb4 4. e3 O-O 5. Nge2 d5 6. a3 Be7 7. Nf4 c6 8. cxd5
exd5 9. Bd3 Re8 10. O-O Nbd7 11. h3 Bd6 12. b4 a6 13. Qc2 Nf8 14. Nfe2 Qe7 15.
f3 a5 16. b5 c5 17. dxc5 Bxc5 18. Nd4 Bd7 19. Na4 Ba7 20. Qf2 Ng6 21. Bd2 Ne5
22. Be2 Nc4 23. Bxc4 dxc4 24. Nc3 Qd6 25. Rfc1 Rac8 26. a4 Bb6 27. Rd1 Qe5 28.
Rac1 Rc7 29. Rc2 Bf5 30. Nxf5 Qxf5 31. Bc1 Rce7 32. Re2 Rd7 33. Rxd7 Nxd7 34.
Kh1 h6 35. Ne4 Qe6 36. Ba3 Ne5 37. Qg3 Rd8 38. Bc5 Rd1+ 39. Re1 Rxe1+ 40. Qxe1
Nd3 0-1

[Event "63rd Bulgarian Team Championship"]
[Site "Sunny Beach"]
[Date "2013.09.20"]
[Round "2"]
[Board "2"]
[White "Janev, Evgeni"]
[Black "Inkiov, Ventzislav"]
[Result "0-1"]
[WhiteElo "2459"]
[BlackElo "2408"]
[PlyCount "76"]
[EventDate "2013.09.19"]
[EventType "team"]
[EventRounds "7"]
[EventCountry "BUL"]
[WhiteTeam "''Lokomotiv 2000'', Plovdiv"]
[BlackTeam "''Marek-Union Ivkoni'', Dupnitsa"]

1. e4 e5 2. Nf3 Nc6 3. Bb5 f5 4. d3 fxe4 5. dxe4 Nf6 6. O-O Bc5 7. Bxc6 bxc6 8.
Nxe5 O-O 9. Bg5 Qe8 10. Bxf6 Rxf6 11. Nd3 Bd4 12. Nd2 Ba6 13. Nf3 Qxe4 14. Re1
Qd5 15. Nb4 Bxf2+ 16. Kxf2 Qc5+ 17. Re3 Re8 18. Qd2 Rxe3 19. Qxe3 Qxb4 20. Rd1
Bc8 21. b3 Qb6 22. Rd4 d6 23. c3 Re6 24. Qg5 Re8 25. Qh5 Bd7 26. Kg3 Qb5 27.
Qh4 Qf5 28. Ra4 h6 29. Qc4+ Kh7 30. Qf4 Qg6+ 31. Kf2 d5 32. Rxa7 Re4 33. Qd2
Bg4 34. Qd3 Bf5 35. Qd2 Rg4 36. g3 Be4 37. Nh4 Qf6+ 38. Kg1 Qxh4 0-1

[Event "63rd Bulgarian Team Championship"]
[Site "Sunny Beach"]
[Date "2013.09.20"]
[Round "2"]
[Board "3"]
[White "Milchev, Nikolay"]
[Black "Arnaudov, G. Petar"]
[Result "1-0"]
[WhiteElo "2416"]
[BlackElo "2487"]
[PlyCount "41"]
[EventDate "2013.09.19"]
[EventType "team"]
[EventRounds "7"]
[EventCountry "BUL"]
[WhiteTeam "''Marek-Union Ivkoni'', Dupnitsa"]
[BlackTeam "''Lokomotiv 2000'', Plovdiv"]

1. Nf3 Nf6 2. g3 e6 3. Bg2 d5 4. O-O Be7 5. d3 c5 6. Nbd2 Nc6 7. e4 O-O 8. Re1
a5 9. e5 Nd7 10. h4 b5 11. Nf1 Bb7 12. Bf4 a4 13. a3 Nb6 14. N1h2 d4 15. Ng5
Nd5 16. Qh5 h6 17. Ng4 Nxf4 18. gxf4 hxg5 19. hxg5 Qd7 20. Be4 g6 21. Qh6 1-0

[Event "63rd Bulgarian Team Championship"]
[Site "Sunny Beach"]
[Date "2013.09.20"]
[Round "2"]
[Board "4"]
[White "Kozhuharov, Spas"]
[Black "Nikolov, Sasho"]
[Result "1/2-1/2"]
[WhiteElo "2453"]
[BlackElo "2382"]
[PlyCount "128"]
[EventDate "2013.09.19"]
[EventType "team"]
[EventRounds "7"]
[EventCountry "BUL"]
[WhiteTeam "''Lokomotiv 2000'', Plovdiv"]
[BlackTeam "''Marek-Union Ivkoni'', Dupnitsa"]

1. d4 d5 2. c4 c6 3. Nf3 Nf6 4. g3 Bf5 5. Bg2 e6 6. O-O Nbd7 7. Nbd2 Bd6 8. Nh4
Bg4 9. h3 Bh5 10. Re1 O-O 11. g4 Ne4 12. Ndf3 Be7 13. cxd5 exd5 14. Nf5 Bg6 15.
Nxe7+ Qxe7 16. Qb3 b6 17. Bf4 a5 18. Rac1 a4 19. Qe3 c5 20. Ne5 Nxe5 21. Bxe5
Rfe8 22. Bxe4 Bxe4 23. Qg3 c4 24. a3 Qd7 25. Bd6 Re6 26. Bb4 Rae8 27. f3 Bg6
28. Kf2 h6 29. Qf4 Rf6 30. Qg3 Qe6 31. Bd2 Qe4 32. Kg2 Qe6 33. Qc7 Rc8 34. Qb7
Re8 35. Rc3 Qd6 36. Re3 Rfe6 37. Rxe6 Qxe6 38. Bf4 Kh7 39. Kg3 Re7 40. Qb8 Rd7
41. Qe5 Qxe5 42. Bxe5 Kg8 43. Bf4 f6 44. Bd2 Kf7 45. h4 h5 46. Bc3 hxg4 47.
Kxg4 Re7 48. h5 Bc2 49. Kf4 Re8 50. e4 dxe4 51. fxe4 Rh8 52. Kg4 Re8 53. Kf4
Rh8 54. Kg4 Re8 55. e5 fxe5 56. Rf1+ Ke6 57. dxe5 Rd8 58. Kh4 Rd1 59. Rf8 Rh1+
60. Kg3 Rxh5 61. Rb8 Rh6 62. Rxb6+ Kf5 63. Rb7 Rg6+ 64. Kf2 Ke6 1/2-1/2

[Event "63rd Bulgarian Team Championship"]
[Site "Sunny Beach"]
[Date "2013.09.20"]
[Round "2"]
[Board "5"]
[White "Mladenov, Plamen"]
[Black "Bratanov, Zsivko"]
[Result "1/2-1/2"]
[WhiteElo "2390"]
[BlackElo "2435"]
[PlyCount "111"]
[EventDate "2013.09.19"]
[EventType "team"]
[EventRounds "7"]
[EventCountry "BUL"]
[WhiteTeam "''Marek-Union Ivkoni'', Dupnitsa"]
[BlackTeam "''Lokomotiv 2000'', Plovdiv"]

1. e4 c5 2. Nf3 e6 3. b3 b6 4. Bb2 Bb7 5. Bd3 Nc6 6. c3 d5 7. e5 Qc7 8. O-O
Nxe5 9. Nxe5 Qxe5 10. Bb5+ Kd8 11. d4 cxd4 12. cxd4 Qf6 13. Nd2 Ne7 14. Nf3 Ng6
15. Ne5 Nxe5 16. dxe5 Qf4 17. Rc1 Bc5 18. Rc4 Qf5 19. Rg4 Rc8 20. Bd3 Qh5 21.
Rxg7 Qxd1 22. Rxd1 Ke7 23. Rxh7 Rxh7 24. Bxh7 Ba6 25. Bb1 Be2 26. Re1 Bh5 27.
Rc1 Rg8 28. Kf1 a5 29. f3 Bxf3 30. gxf3 Rg1+ 31. Ke2 Rg2+ 32. Kd3 Rxb2 33. Bc2
Rxa2 34. f4 a4 35. bxa4 Ra3+ 36. Ke2 Re3+ 37. Kd2 Rh3 38. Rf1 Rxh2+ 39. Kd1 Be3
40. Rf3 Rd2+ 41. Kc1 d4 42. Kb1 Rf2 43. Rxf2 Bxf2 44. f5 Bg3 45. Kb2 Bxe5 46.
Kb3 exf5 47. Bxf5 Kf6 48. Bc2 Kg5 49. Kc4 f5 50. Kb5 Bc7 51. Kc4 Be5 52. Kb5
Bc7 53. Kc4 f4 54. Kxd4 Kg4 55. Ke4 Kg3 56. Bd1 1/2-1/2

[Event "63rd Bulgarian Team Championship"]
[Site "Sunny Beach"]
[Date "2013.09.20"]
[Round "2"]
[Board "6"]
[White "Spassov, Liuben"]
[Black "Gochev, Mladen"]
[Result "1-0"]
[WhiteElo "2327"]
[BlackElo "2258"]
[PlyCount "79"]
[EventDate "2013.09.19"]
[EventType "team"]
[EventRounds "7"]
[EventCountry "BUL"]
[WhiteTeam "''Lokomotiv 2000'', Plovdiv"]
[BlackTeam "''Marek-Union Ivkoni'', Dupnitsa"]

1. d4 Nf6 2. c4 e6 3. Nf3 c5 4. d5 b5 5. Bg5 exd5 6. cxd5 h6 7. Bxf6 Qxf6 8.
Qc2 d6 9. e4 a6 10. a4 b4 11. Nbd2 Bg4 12. Be2 Nd7 13. a5 Be7 14. O-O O-O 15.
Nc4 Bxf3 16. Bxf3 Ne5 17. Be2 b3 18. Qxb3 Nxc4 19. Qxc4 Rfb8 20. b3 Rb4 21. Qc2
Qf4 22. Bc4 Bf6 23. Rae1 Bd4 24. Qd3 Rb7 25. Re2 Re7 26. g3 Qf6 27. Kg2 Bc3 28.
f4 Qd4 29. Qf3 Bxa5 30. e5 Bc7 31. e6 a5 32. f5 a4 33. Re4 Qf6 34. bxa4 Rxa4
35. Rf2 Ra1 36. Bb5 Rb1 37. Qe2 Ba5 38. Be8 Rb8 39. Bxf7+ Kf8 40. Bg6 1-0

[Event "63rd Bulgarian Team Championship"]
[Site "Sunny Beach"]
[Date "2013.09.20"]
[Round "2"]
[Board "1"]
[White "Tonkov, Bojan"]
[Black "Ninov, Nikolai"]
[Result "0-1"]
[WhiteElo "2323"]
[BlackElo "2463"]
[PlyCount "58"]
[EventDate "2013.09.19"]
[EventType "team"]
[EventRounds "7"]
[EventCountry "BUL"]
[WhiteTeam "''Energiya 21'', Dobrich"]
[BlackTeam "''Lokomotiv'', Sofia"]

1. d4 Nf6 2. c4 e6 3. g3 d5 4. Nf3 dxc4 5. Bg2 Bd7 6. Ne5 Bc6 7. Nxc6 Nxc6 8.
O-O Qd7 9. Nc3 Bb4 10. a3 Ba5 11. Qa4 Bb6 12. Qxc4 Na5 13. Qa2 Qxd4 14. b4 Nc6
15. Bb2 Qg4 16. Bf3 Qh3 17. Qc4 Nd4 18. Nb5 Nxf3+ 19. exf3 Nd5 20. a4 a6 21.
Nc3 c6 22. b5 O-O 23. bxc6 bxc6 24. a5 Ba7 25. Ne4 Rab8 26. Be5 Rb5 27. f4 f6
28. Bc3 Nxc3 29. Qxc3 Rh5 0-1

[Event "63rd Bulgarian Team Championship"]
[Site "Sunny Beach"]
[Date "2013.09.20"]
[Round "2"]
[Board "2"]
[White "Genov, Petar"]
[Black "Velikov, Petar"]
[Result "1/2-1/2"]
[WhiteElo "2455"]
[BlackElo "2416"]
[PlyCount "60"]
[EventDate "2013.09.19"]
[EventType "team"]
[EventRounds "7"]
[EventCountry "BUL"]
[WhiteTeam "''Lokomotiv'', Sofia"]
[BlackTeam "''Energiya 21'', Dobrich"]

1. d4 d5 2. Nf3 Nf6 3. c4 c6 4. e3 a6 5. Nc3 b5 6. b3 Bg4 7. Be2 e6 8. O-O Be7
9. Bb2 O-O 10. Ne5 Bxe2 11. Nxe2 Nfd7 12. Nxd7 Nxd7 13. cxd5 cxd5 14. Rc1 Qb6
15. Qd3 Rfc8 16. Rxc8+ Rxc8 17. Rc1 Rxc1+ 18. Nxc1 Qc6 19. Qc3 Qxc3 20. Bxc3
Nb8 21. Nd3 Nc6 22. Kf1 Kf8 23. Ke2 Ke8 24. f3 Bd6 25. h3 Ke7 26. Be1 f6 27.
Bc3 a5 28. a4 b4 29. Be1 Bc7 30. Bf2 Bb6 1/2-1/2

[Event "63rd Bulgarian Team Championship"]
[Site "Sunny Beach"]
[Date "2013.09.20"]
[Round "2"]
[Board "4"]
[White "Ivanov, Jordan"]
[Black "Georgiev, Biser"]
[Result "1-0"]
[WhiteElo "2385"]
[BlackElo "2256"]
[PlyCount "49"]
[EventDate "2013.09.19"]
[EventType "team"]
[EventRounds "7"]
[EventCountry "BUL"]
[WhiteTeam "''Lokomotiv'', Sofia"]
[BlackTeam "''Energiya 21'', Dobrich"]

1. Nf3 Nf6 2. c4 c5 3. Nc3 Nc6 4. e3 g6 5. d4 cxd4 6. exd4 d5 7. Bg5 Ne4 8.
cxd5 Nxc3 9. bxc3 Qxd5 10. Be2 Bg7 11. O-O Bf5 12. c4 Qe4 13. d5 Nd4 14. Nxd4
Bxd4 15. Bf3 Qe5 16. Rc1 Bc5 17. Re1 Qb2 18. Re2 Qa3 19. Bxe7 Bxe7 20. d6 Be6
21. dxe7 Qxe7 22. Rb1 O-O 23. Rxb7 Qc5 24. Rxe6 fxe6 25. Qd7 1-0

[Event "63rd Bulgarian Team Championship"]
[Site "Sunny Beach"]
[Date "2013.09.20"]
[Round "2"]
[Board "5"]
[White "Kirjakov, Toma"]
[Black "Serafimov, Tervel"]
[Result "0-1"]
[WhiteElo "2223"]
[BlackElo "2433"]
[PlyCount "71"]
[EventDate "2013.09.19"]
[EventType "team"]
[EventRounds "7"]
[EventCountry "BUL"]
[WhiteTeam "''Energiya 21'', Dobrich"]
[BlackTeam "''Lokomotiv'', Sofia"]

1. e4 g6 2. d4 c6 3. Nc3 d5 4. Nf3 Bg7 5. Be2 Bg4 6. exd5 cxd5 7. Ne5 Bxe2 8.
Qxe2 a6 9. Bf4 Nf6 10. O-O O-O 11. a4 Nc6 12. Nxc6 bxc6 13. a5 Nh5 14. Bg5 Re8
15. Qd2 Qd6 16. g4 Nf6 17. Bf4 Qb4 18. h3 Nd7 19. Ra4 Qb7 20. Ra3 e5 21. dxe5
Nxe5 22. Bxe5 Bxe5 23. Rb3 Qe7 24. Na4 Qh4 25. Kg2 h5 26. f4 Bc7 27. Rg3 Re7
28. gxh5 Qxh5 29. Nc3 Rae8 30. Rf2 Bxa5 31. f5 Bb6 32. fxg6 fxg6 33. Rg5 Qh6
34. Rff5 Be3 35. Nxd5 Bxd2 36. Nf6+ 0-1

[Event "63rd Bulgarian Team Championship"]
[Site "Sunny Beach"]
[Date "2013.09.20"]
[Round "2"]
[Board "6"]
[White "Todorov, Ognjan"]
[Black "Tonchev, Miroslav"]
[Result "1/2-1/2"]
[WhiteElo "2252"]
[BlackElo "2288"]
[PlyCount "65"]
[EventDate "2013.09.19"]
[EventType "team"]
[EventRounds "7"]
[EventCountry "BUL"]
[WhiteTeam "''Lokomotiv'', Sofia"]
[BlackTeam "''Energiya 21'', Dobrich"]

1. d4 Nf6 2. Nf3 d6 3. g3 Bg4 4. Bg2 Qc8 5. c4 g6 6. Nc3 Bg7 7. O-O O-O 8. Bg5
Re8 9. Qd2 e5 10. d5 a5 11. e4 Na6 12. Ne1 Nc5 13. f3 Bh3 14. Nd3 Bxg2 15. Kxg2
Nfd7 16. Nb5 f5 17. Rae1 Nxd3 18. Qxd3 Nc5 19. Qe2 Qd7 20. Nc3 Rf8 21. Be3 fxe4
22. fxe4 Na6 23. Rxf8+ Rxf8 24. Rf1 Rxf1 25. Qxf1 Qe7 26. Qe2 h5 27. h4 Bf6 28.
b3 Qd7 29. Qf3 Bd8 30. Bh6 Qf7 31. Qxf7+ Kxf7 32. Be3 Ke8 33. Kf3 1/2-1/2

[Event "63rd Bulgarian Team Championship"]
[Site "Sunny Beach"]
[Date "2013.09.20"]
[Round "2"]
[Board "1"]
[White "Rusev, Krasimir"]
[Black "Delchev, Aleksander"]
[Result "1/2-1/2"]
[WhiteElo "2561"]
[BlackElo "2637"]
[PlyCount "46"]
[EventDate "2013.09.19"]
[EventType "team"]
[EventRounds "7"]
[EventCountry "BUL"]
[WhiteTeam "''Abritus'', Razgrad"]
[BlackTeam "''Nayden Voynov'', Vidin"]

1. d4 d6 2. Nf3 Bg4 3. e4 Nf6 4. Nc3 e6 5. h3 Bh5 6. g4 Bg6 7. Qe2 a6 8. Bg2
Be7 9. Bf4 d5 10. exd5 Nxd5 11. Nxd5 exd5 12. Ne5 Nc6 13. O-O-O O-O 14. Nxg6
fxg6 15. Qe6+ Kh8 16. Bg3 Nb4 17. Kb1 Bh4 18. a3 Bxg3 19. fxg3 Re8 20. Qf7 Rf8
21. Qe6 Re8 22. Qf7 Rf8 23. Qe6 Re8 1/2-1/2

[Event "63rd Bulgarian Team Championship"]
[Site "Sunny Beach"]
[Date "2013.09.20"]
[Round "2"]
[Board "2"]
[White "Nabaty, Tamir"]
[Black "Georgiev, Vladimir"]
[Result "1-0"]
[WhiteElo "2575"]
[BlackElo "2549"]
[PlyCount "85"]
[EventDate "2013.09.19"]
[EventType "team"]
[EventRounds "7"]
[EventCountry "BUL"]
[WhiteTeam "''Nayden Voynov'', Vidin"]
[BlackTeam "''Abritus'', Razgrad"]

1. d4 Nf6 2. Bg5 d5 3. Nd2 c6 4. e3 Bf5 5. Bxf6 exf6 6. g4 Bg6 7. Ne2 f5 8.
gxf5 Bxf5 9. Ng3 Be6 10. h4 Nd7 11. Bd3 Nf6 12. h5 Bd6 13. Nf5 Bf8 14. c3 Qd7
15. Qf3 O-O-O 16. Nxg7 Bxg7 17. h6 Bf8 18. Qxf6 Be7 19. Qf3 Bg4 20. Qg2 Qe6 21.
Be2 Bf5 22. O-O-O Rhg8 23. Qh2 Bd6 24. Qh5 Rg2 25. Qf3 Bg4 26. Qxg2 Bxe2 27.
Rde1 Bd3 28. e4 dxe4 29. Nxe4 Bf4+ 30. Nd2 Qf6 31. Qg4+ Kb8 32. Qh4 Qd6 33. Qe7
Qd5 34. Rh5 f5 35. Rh4 Bc7 36. Rh3 Ba6 37. Qxh7 c5 38. Qe7 cxd4 39. c4 Bxc4 40.
h7 Qc6 41. Nxc4 Qxc4+ 42. Kb1 a5 43. Rc1 1-0

[Event "63rd Bulgarian Team Championship"]
[Site "Sunny Beach"]
[Date "2013.09.20"]
[Round "2"]
[Board "3"]
[White "Chatalbashev, Boris"]
[Black "Petrov, Marijan"]
[Result "1-0"]
[WhiteElo "2537"]
[BlackElo "2472"]
[PlyCount "121"]
[EventDate "2013.09.19"]
[EventType "team"]
[EventRounds "7"]
[EventCountry "BUL"]
[WhiteTeam "''Abritus'', Razgrad"]
[BlackTeam "''Nayden Voynov'', Vidin"]

1. d4 Nf6 2. c4 d6 3. Nc3 e5 4. d5 c5 5. e4 Be7 6. g3 h5 7. h4 Nbd7 8. Nh3 g6
9. f3 a6 10. a3 b6 11. Be3 Kf8 12. b4 Kg7 13. Bd3 Rb8 14. Qd2 Qc7 15. Rc1 Ng8
16. Kf2 Nh6 17. Kg2 Nf8 18. Rb1 f6 19. Nf2 Nf7 20. f4 Bd7 21. Ne2 Nh6 22. bxc5
bxc5 23. Rxb8 Qxb8 24. Rb1 Qc7 25. Qb2 Bc8 26. Bd2 Bd8 27. Ng1 Nf7 28. Nf3 Nh7
29. Kh2 Nh6 30. Kg2 Nf7 31. Bc3 Re8 32. Qd2 Bd7 33. Bc2 Nf8 34. Qd1 Be7 35. a4
Rb8 36. a5 Rb7 37. Nd3 Qb8 38. Ra1 Qc7 39. Nf2 Qc8 40. Ba4 Bd8 41. Bc2 Be7 42.
Nd2 Nh6 43. Ba4 Bd8 44. Bxd7 Qxd7 45. Nf1 Qc8 46. Ne3 Qd7 47. Rb1 Qc8 48. Rxb7+
Qxb7 49. f5 Qd7 50. Qb1 Ng8 51. fxg6 Ne7 52. Qd1 Kxg6 53. Qf3 f5 54. Nd3 fxe4
55. Qxe4+ Kh6 56. Bxe5 dxe5 57. Nxe5 Qe8 58. d6 Nfg6 59. dxe7 Nxe7 60. Nf5+
Nxf5 61. Ng4+ 1-0

[Event "63rd Bulgarian Team Championship"]
[Site "Sunny Beach"]
[Date "2013.09.20"]
[Round "2"]
[Board "4"]
[White "Simeonov, Stefan"]
[Black "Nikolov, Momchil"]
[Result "1-0"]
[WhiteElo "2387"]
[BlackElo "2539"]
[PlyCount "107"]
[EventDate "2013.09.19"]
[EventType "team"]
[EventRounds "7"]
[EventCountry "BUL"]
[WhiteTeam "''Nayden Voynov'', Vidin"]
[BlackTeam "''Abritus'', Razgrad"]

1. e4 e5 2. Nf3 Nc6 3. Bb5 a6 4. Ba4 Nf6 5. O-O Be7 6. Re1 b5 7. Bb3 d6 8. c3
O-O 9. h3 Na5 10. Bc2 c5 11. d3 Nc6 12. Nbd2 Re8 13. Nf1 h6 14. Ne3 Bf8 15. Nd5
Nxd5 16. exd5 Ne7 17. a4 Bd7 18. c4 bxc4 19. dxc4 Rb8 20. Nh4 Nxd5 21. cxd5
Qxh4 22. Qd3 g6 23. Qxa6 Qb4 24. Re4 Qb7 25. Qc4 Bf5 26. Re2 Bxc2 27. Rxc2 Qb3
28. Ra3 Qb7 29. a5 Ra8 30. a6 Qb6 31. Rcc3 Qb4 32. Qa2 Reb8 33. Rab3 Qe4 34.
Rxb8 Rxb8 35. Be3 Kg7 36. Ra3 Qb4 37. Kh2 Be7 38. Qb3 Qxb3 39. Rxb3 Ra8 40. Rb7
Bg5 41. a7 Bxe3 42. fxe3 Kf6 43. e4 h5 44. Kg3 g5 45. Kf3 g4+ 46. hxg4 hxg4+
47. Kxg4 Kg6 48. Rd7 f6 49. Rb7 f5+ 50. exf5+ Kf6 51. b3 e4 52. Kf4 e3 53. g4
Rg8 54. a8=Q 1-0

[Event "63rd Bulgarian Team Championship"]
[Site "Sunny Beach"]
[Date "2013.09.20"]
[Round "2"]
[Board "5"]
[White "Enchev, Ivajlo"]
[Black "Velchev, Hristo"]
[Result "1-0"]
[WhiteElo "2445"]
[BlackElo "2309"]
[PlyCount "77"]
[EventDate "2013.09.19"]
[EventType "team"]
[EventRounds "7"]
[EventCountry "BUL"]
[WhiteTeam "''Abritus'', Razgrad"]
[BlackTeam "''Nayden Voynov'', Vidin"]

1. d4 d5 2. Nf3 e6 3. c4 c5 4. cxd5 exd5 5. Nc3 Nc6 6. g3 Nf6 7. Bg2 Be7 8. O-O
O-O 9. Bg5 cxd4 10. Nxd4 h6 11. Be3 Re8 12. Rc1 Bf8 13. Qa4 Na5 14. Rcd1 Bd7
15. Qc2 Bg4 16. h3 Be6 17. Nxe6 fxe6 18. Bc1 Qc7 19. Qg6 Nc6 20. Qc2 Rad8 21.
Rfe1 Qf7 22. e4 d4 23. e5 dxc3 24. Rxd8 Rxd8 25. exf6 Qxf6 26. bxc3 Bc5 27. Be3
Bxe3 28. Rxe3 Rf8 29. Qe2 Nd8 30. Be4 Rf7 31. Bc2 Rd7 32. Rf3 Qg5 33. Qe4 Rf7
34. Rd3 Qf6 35. Rd2 Rc7 36. Qh7+ Kf7 37. Rd4 e5 38. Bb3+ Ke7 39. Rg4 1-0

[Event "63rd Bulgarian Team Championship"]
[Site "Sunny Beach"]
[Date "2013.09.20"]
[Round "2"]
[Board "6"]
[White "Stefanov, Evtim"]
[Black "Karakehajov, Kalin"]
[Result "0-1"]
[WhiteElo "2007"]
[BlackElo "2494"]
[PlyCount "64"]
[EventDate "2013.09.19"]
[EventType "team"]
[EventRounds "7"]
[EventCountry "BUL"]
[WhiteTeam "''Nayden Voynov'', Vidin"]
[BlackTeam "''Abritus'', Razgrad"]

1. e4 c5 2. Nf3 e6 3. d4 cxd4 4. Nxd4 Nf6 5. Nc3 Nc6 6. Ndb5 Bc5 7. Bf4 O-O 8.
Bc7 Qe7 9. Bd6 Bxd6 10. Qxd6 Qd8 11. Qg3 d5 12. exd5 exd5 13. O-O-O a6 14. Nc7
Nh5 15. Qf3 Qxc7 16. Qxh5 d4 17. Nd5 Qd6 18. Nb6 Rb8 19. Nxc8 Rbxc8 20. Bd3 g6
21. Qe2 Nb4 22. Kb1 Qd5 23. b3 Qa5 24. a4 Nd5 25. Qd2 Nc3+ 26. Kb2 Nxd1+ 27.
Rxd1 Qc5 28. Be4 b5 29. Qxd4 bxa4 30. Qxa4 Qc3+ 31. Kb1 Rfd8 32. Rc1 Rd4 0-1

[Event "63rd Bulgarian Team Championship"]
[Site "Sunny Beach"]
[Date "2013.09.20"]
[Round "2"]
[Board "1"]
[White "Spasov, Vasil"]
[Black "Shishkov, Minko"]
[Result "1/2-1/2"]
[WhiteElo "2573"]
[BlackElo "2278"]
[PlyCount "80"]
[EventDate "2013.09.19"]
[EventType "team"]
[EventRounds "7"]
[EventCountry "BUL"]
[WhiteTeam "''Lokomotiv'', Plovdiv"]
[BlackTeam "''Maritsa-Iztok'', Radnevo"]

1. e4 g6 2. d4 Bg7 3. Nf3 d6 4. Bc4 Nf6 5. Qe2 O-O 6. e5 dxe5 7. dxe5 Nd5 8.
O-O c6 9. h3 Be6 10. Bb3 Nd7 11. c4 N5b6 12. Bf4 a5 13. Nbd2 a4 14. Bc2 Ra5 15.
Rfe1 Qc7 16. Rac1 Rd8 17. Qe3 Nf8 18. b3 axb3 19. axb3 Nbd7 20. Qc3 Rda8 21. g4
Qb8 22. Kg2 Ra3 23. Nd4 Qa7 24. N2f3 Qa5 25. Qd3 Nc5 26. Qe2 Rd8 27. Bd2 Qb6
28. Red1 Raa8 29. b4 Na6 30. c5 Qc7 31. Nxe6 Nxe6 32. Bb3 Qc8 33. Qe4 Nac7 34.
Be3 Rxd1 35. Rxd1 Qe8 36. Rd2 Rd8 37. Kf1 Nb5 38. Bxe6 fxe6 39. Rxd8 Qxd8 40.
Kg2 Qd5 1/2-1/2

[Event "63rd Bulgarian Team Championship"]
[Site "Sunny Beach"]
[Date "2013.09.20"]
[Round "2"]
[Board "2"]
[White "Marholev, Dimitar"]
[Black "Djukic, Nikola"]
[Result "0-1"]
[WhiteElo "2325"]
[BlackElo "2551"]
[PlyCount "120"]
[EventDate "2013.09.19"]
[EventType "team"]
[EventRounds "7"]
[EventCountry "BUL"]
[WhiteTeam "''Maritsa-Iztok'', Radnevo"]
[BlackTeam "''Lokomotiv'', Plovdiv"]

1. d4 Nf6 2. c4 g6 3. Nf3 Bg7 4. Nc3 O-O 5. e4 d6 6. h3 e5 7. dxe5 dxe5 8. Be3
Nc6 9. Be2 b6 10. O-O Bb7 11. Qxd8 Raxd8 12. Rad1 Nd4 13. Nxd4 exd4 14. Bxd4
Nxe4 15. Bxg7 Kxg7 16. Nxe4 Bxe4 17. f3 Bc2 18. Rxd8 Rxd8 19. Kf2 g5 20. Ke3 c5
21. Rc1 Bf5 22. Rd1 Re8+ 23. Kf2 Kf6 24. a3 Be6 25. Bf1 h5 26. Be2 h4 27. Bf1
Kf5 28. Re1 Rd8 29. Ke3 Rd4 30. b3 Kf6 31. Bd3 a5 32. Rc1 Rd6 33. Rf1 Ke5 34.
Re1 Bd7 35. Be4 Be6 36. Bb1 a4 37. bxa4 Bxc4 38. Bc2 f5 39. f4+ gxf4+ 40. Kf3+
Kf6 41. Kxf4 Rd4+ 42. Kf3 Bd5+ 43. Ke2 Bxg2 44. Rb1 Rd6 45. Rb3 Ke5 46. Rc3 f4
47. a5 bxa5 48. Rxc5+ Rd5 49. Rc3 Kd6 50. Bb3 Rc5 51. Rd3+ Ke5 52. Kf2 Bc6 53.
Bd1 Rb5 54. Rc3 Bd5 55. a4 Rb2+ 56. Ke1 Kd4 57. Rc8 Rh2 58. Bg4 f3 59. Re8 Be4
60. Rb8 Ra2 0-1

[Event "63rd Bulgarian Team Championship"]
[Site "Sunny Beach"]
[Date "2013.09.20"]
[Round "2"]
[Board "3"]
[White "Petkov, Vladimir"]
[Black "Kukov, Velislav"]
[Result "1-0"]
[WhiteElo "2564"]
[BlackElo "2410"]
[PlyCount "103"]
[EventDate "2013.09.19"]
[EventType "team"]
[EventRounds "7"]
[EventCountry "BUL"]
[WhiteTeam "''Lokomotiv'', Plovdiv"]
[BlackTeam "''Maritsa-Iztok'', Radnevo"]

1. d4 d6 2. Nf3 Bg4 3. e4 e6 4. h3 Bh5 5. Bd3 Nf6 6. Nbd2 Be7 7. Nf1 d5 8. Ng3
Bg6 9. e5 Nfd7 10. h4 Bxd3 11. cxd3 c5 12. dxc5 Nxc5 13. Bg5 Qa5+ 14. Ke2 Nc6
15. Bxe7 Kxe7 16. Qd2 Qxd2+ 17. Kxd2 Rac8 18. Rhc1 Nb4 19. Ne1 Na4 20. b3 Nb6
21. Ne2 Rxc1 22. Rxc1 Rc8 23. Rxc8 Nxc8 24. a3 Nc6 25. f4 h5 26. Nf3 Ke8 27. f5
exf5 28. Nf4 d4 29. Nxh5 g6 30. Nf6+ Ke7 31. Nd5+ Ke6 32. Nf4+ Ke7 33. b4 a6
34. h5 gxh5 35. Nxh5 Kd7 36. Ng7 N8e7 37. g3 b5 38. Ke2 f4 39. gxf4 Nd5 40. f5
Nc3+ 41. Kd2 Nd5 42. Nh5 Ke7 43. Ng3 Nb6 44. Ne2 Nd7 45. Nexd4 Ndxe5 46. Nxc6+
Nxc6 47. Ke3 Kf6 48. Ke4 a5 49. bxa5 Nxa5 50. Nd4 Nb7 51. Kd5 Nd8 52. Kd6 1-0

[Event "63rd Bulgarian Team Championship"]
[Site "Sunny Beach"]
[Date "2013.09.20"]
[Round "2"]
[Board "4"]
[White "Panbukchian, Valentin"]
[Black "Yanev, Tihomir"]
[Result "0-1"]
[WhiteElo "2330"]
[BlackElo "2424"]
[PlyCount "56"]
[EventDate "2013.09.19"]
[EventType "team"]
[EventRounds "7"]
[EventCountry "BUL"]
[WhiteTeam "''Maritsa-Iztok'', Radnevo"]
[BlackTeam "''Lokomotiv'', Plovdiv"]

1. f4 c5 2. Nf3 Nc6 3. g3 d6 4. Bg2 e5 5. d3 g6 6. O-O Bg7 7. fxe5 dxe5 8. Nbd2
Nh6 9. c3 O-O 10. Nb3 Qe7 11. Ng5 f5 12. h3 Bd7 13. a4 a5 14. e4 Rad8 15. Be3
b6 16. Nd2 f4 17. gxf4 exf4 18. Rxf4 Nf5 19. Qe2 Ncd4 20. cxd4 Nxe3 21. Rxf8+
Rxf8 22. Ngf3 Nc2 23. Rc1 Nxd4 24. Qd1 Qd6 25. e5 Bxe5 26. Ng5 Qf6 27. Nge4 Qf4
28. Nf1 Qxc1 0-1